|
|
|
|
| LEADER |
02280nam a2200637 i 4500 |
| 001 |
nkc20193073003 |
| 003 |
CZ PrNK |
| 005 |
20190425101004.0 |
| 007 |
ta |
| 008 |
190128s2018 xr a g f 000 0 cze |
| 015 |
|
|
|a cnb003073003
|
| 020 |
|
|
|a 978-80-252-4430-2
|q (vázáno) :
|c Kč 499,00
|
| 035 |
|
|
|a (OCoLC)1100764727
|
| 040 |
|
|
|a BOA001
|b cze
|d ABA001
|e rda
|
| 041 |
1 |
|
|a cze
|h eng
|
| 043 |
|
|
|a n-us---
|
| 072 |
|
7 |
|a 791
|x Film. Cirkus. Lidová zábava
|2 Konspekt
|9 3
|
| 080 |
|
|
|a 791.221.8:82-311.9
|2 MRF
|
| 080 |
|
|
|a 323.23
|2 MRF
|
| 080 |
|
|
|a 659.133
|2 MRF
|
| 080 |
|
|
|a (73)
|2 MRF
|
| 080 |
|
|
|a (0.062)
|2 MRF
|
| 080 |
|
|
|a (084.11)
|2 MRF
|
| 100 |
1 |
|
|a Hidalgo, Pablo
|7 mzk2016901677
|4 aut
|
| 240 |
1 |
0 |
|a Star Wars propaganda.
|l Česky
|
| 245 |
1 |
0 |
|a Star Wars propaganda :
|b dějiny agitačního umění v galaxii /
|c Pablo Hidalgo ; z anglického originálu přeložil Milan Pohl
|
| 246 |
3 |
0 |
|a Propaganda
|
| 246 |
3 |
0 |
|a Dějiny agitačního umění v galaxii
|
| 250 |
|
|
|a První vydání
|
| 264 |
|
1 |
|a V Praze :
|b Egmont,
|c 2018
|
| 300 |
|
|
|a 111 stran :
|b barevné ilustrace ;
|c 32 cm +
|e 10 plakátů (29 cm)
|
| 336 |
|
|
|a text
|b txt
|2 rdacontent
|
| 336 |
|
|
|a statický obraz
|b sti
|2 rdacontent
|
| 337 |
|
|
|a bez média
|b n
|2 rdamedia
|
| 338 |
|
|
|a svazek
|b nc
|2 rdacarrier
|
| 521 |
8 |
|
|a Pro čtenáře od 12 let
|
| 546 |
|
|
|a Český text
|
| 630 |
0 |
7 |
|a Star Wars
|7 unn2006375272
|2 czenas
|
| 630 |
0 |
9 |
|a Star Wars (motion picture)
|2 eczenas
|
| 650 |
0 |
7 |
|a vědecko-fantastické filmy
|7 ph127357
|z Spojené státy americké
|2 czenas
|
| 650 |
0 |
7 |
|a propaganda
|7 ph124645
|2 czenas
|
| 650 |
0 |
7 |
|a reklamní plakáty
|7 ph125095
|2 czenas
|
| 650 |
0 |
9 |
|a science fiction films
|z United States
|2 eczenas
|
| 650 |
0 |
9 |
|a propaganda
|2 eczenas
|
| 650 |
0 |
9 |
|a advertising posters
|2 eczenas
|
| 655 |
|
7 |
|a populárně-naučné publikace
|7 fd131864
|2 czenas
|
| 655 |
|
7 |
|a obrazové publikace
|7 fd132947
|2 czenas
|
| 655 |
|
9 |
|a popular works
|2 eczenas
|
| 655 |
|
9 |
|a pictorial works
|2 eczenas
|
| 700 |
1 |
|
|a Pohl, Milan,
|d 1982-
|7 xx0064353
|4 trl
|
| 910 |
2 |
|
|a BOA001
|b 4-1421.784
|
| 928 |
9 |
|
|a Albatros Media - Egmont
|
| 990 |
|
|
|a BK
|
| 995 |
|
|
|a 01
|
| 991 |
|
|
|b 201902
|c NOV
|
| 996 |
6 |
|
|b 2610769849
|c 4-1421.784
|l MZK
|r Sklad / do 1 hodiny
|n 2
|p p.v.
|w 001697908
|u 000020
|a 1
|e BOA001
|j MZK50
|s P
|